16 primeros números de la sucesión de Fibonacci - Estadísticas

Estadísticas generales
  • Esta prueba ha sido intentada 4.876 veces
    4.676 desde el último reinicio
  • La puntuación promedio es 10 de 16
Estadísticas de respuestas
Números % Correcto
1
100%
1
100%
2
100%
3
99%
5
98%
8
98%
13
91%
21
84%
34
71%
55
62%
89
56%
144
36%
233
16%
377
11%
610
5%
987
3%
No se encontraron pruebas coincidentes
Distribución de puntuación
Porcentaje de gente con cada puntuación
Porcentaje por número respondido
Historial de tus puntuaciones
No has intentado esta prueba desde el último reinicio